Golden's concise english grammar : everything you always wanted to know about grammar but didn't know whom to ask

Bibliographic Details
Main Author: Strumpf, Michael
Other Authors: Douglas, Auriel
Format: Book
Published: Kuala Lumpur : Golden Books Centre Sdn.Bhd. , 2000
Subjects:

MARC

LEADER 00000cam a2200000 7i4500
001 0000049894
005 20011214.0
020 |a 9837204338 
090 0 0 |a 425   |b STR 
100 1 |a Strumpf, Michael 
245 1 0 |a Golden's concise english grammar :   |b everything you always wanted to know about grammar but didn't know whom to ask   |c Michael Strumpf and Auriel Douglas 
260 |a Kuala Lumpur :   |b Golden Books Centre Sdn.Bhd. ,   |c 2000 
300 |a 597p. ;   |c 23cm. 
650 0 0 |a English language   |x Grammar 
700 1 |a Douglas, Auriel 
999 |a 114455   |b BUKU   |c PINJAMAN   |e PERPUSTAKAAN KOMUNITI PETALING JAYA 
999 |a 114456   |b BUKU   |c PINJAMAN   |e PERPUSTAKAAN KOMUNITI PETALING JAYA